Cours de Droit Civil: les contrats spéciaux
Αποθηκεύτηκε σε:
| Κύριοι συγγραφείς: | , |
|---|---|
| Μορφή: | Βιβλίο |
| Γλώσσα: | Γαλλικά |
| Έκδοση: |
París
Editions Cujas
1986
|
| Έκδοση: | 1a. ed |
| Θέματα: | |
| Ετικέτες: |
Προσθήκη ετικέτας
Δεν υπάρχουν, Καταχωρήστε ετικέτα πρώτοι!
|
MARC
| LEADER | 00000cam a2200000 a 4500 | ||
|---|---|---|---|
| 001 | UCD3712 | ||
| 003 | CL-VaPUC | ||
| 008 | 160616e19860000fr |||||||||||||||||fre|d | ||
| 082 | 0 | 4 | |a 346.02 |b MAL |2 21 |
| 100 | |a Malaurie, Philippe |e autor |9 588492 | ||
| 700 | 0 | |a Aynès, Laurent |e author |9 587274 | |
| 245 | 1 | 0 | |a Cours de Droit Civil: les contrats spéciaux |
| 250 | |a 1a. ed | ||
| 300 | |a 450 p | ||
| 942 | |c BK | ||
| 945 | |d 20160616 22:39:00 |a dcastane | ||
| 260 | |a París |b Editions Cujas |c 1986 | ||
| 650 | 0 | |a Derecho civil francés |9 395571 | |
| 650 | 0 | |a Contratos |9 255153 | |
| 650 | 0 | |a Obligaciones |9 255578 | |
| 650 | 0 | |a Responsabilidad contractual |9 256720 | |
| 583 | |a last modification |c 20160616 22:39:00 |k Rodrigo Vera | ||
| 999 | |c 364739 |d 364737 | ||
| 952 | |0 0 |1 0 |3 erb |4 0 |6 346_020000000000000_MAL_1986 |7 0 |8 A |9 478315 |a BIBDER |b BIBDER |i 5313465 |o 346.02 MAL 1986 |p 5313465 |r 2023-01-25 |w 2019-11-24 |y BK |z Catalogado en:20160616 |k DER | ||